Prehľad vysokých škôl v školskom roku 2005/2006

Gespeichert in:
Bibliographische Detailangaben
Format: Buch
Sprache:Slowakisch
Veröffentlicht: Bratislava Ústav informácií a prognóz školstva 2005
Schlagworte:
Tags: Tag hinzufügen
Keine Tags, Fügen Sie das erste Tag hinzu!

MARC

LEADER 00000nam$a2200000$$$4500
001 0037916
005 20230112122327.9
041 0 |a slo 
044 |a SK 
245 1 0 |a Prehľad vysokých škôl v školskom roku 2005/2006  |c zodpovedný redaktor: Alžbeta Ferenčičová 
264 1 |a Bratislava  |b Ústav informácií a prognóz školstva  |c 2005 
300 |a 185 s. 
610 2 0 |a školy vysoké 
610 2 0 |a štúdium vysokoškolské 
610 2 0 |a odbory študijné 
610 2 0 |a Slovensko